Entry Nombre personal
001 - NÚMERO DE CONTROL
- campo de control: 47126
003 - IDENTIFICADOR DEL NÚMERO DE CONTROL
- campo de control: BNPHU
005 - FECHA Y HORA DE LA ÚLTIMA TRANSACCIÓN
- campo de control: 20240401193420.0
008 - DATOS DE LONGITUD FIJA
- campo de control de longitud fija: 200615|| aca||aabn | a|a d
010 ## - NÚMERO DE CONTROL DE LA BIBLIOTECA DEL CONGRESO
- Número de control de LC: n 50041122
040 ## - FUENTE DE LA CATALOGACIÓN
- Centro catalogador/agencia de origen: DO-SdBNP
- Lengua de catalogación: spa
- Centro/agencia transcriptor: BNPHU
- Normas de descripción: rda
100 1# - ENCABEZAMIENTO-NOMBRE DE PERSONA
- Nombre de persona: Bryce, James Bryce, Viscount,
- Títulos y otros términos asociados al nombre: Vizconde
- Fechas asociadas al nombre: 1838-1922
368 ## - OTROS ATRIBUTOS DE PERSONA O ENTIDAD CORPORATIVA
- Título de persona: Vizconde
370 ## - LUGAR ASOCIADO
- País asociado: Gran Bretaña
- País asociado: Estados Unidos
- Otro lugar asociado: Oxford (Inglaterra)
- Otro lugar asociado: Glasgow (Escocia)
- Otro lugar asociado: Heidelberg (Alemania)
372 ## - CAMPO DE ACTIVIDAD
- Campo de actividad: Historia
- Campo de actividad: Derecho
- Campo de actividad: Profesor universitario
372 ## - CAMPO DE ACTIVIDAD
- Campo de actividad: Diplomático
- Período de inicio: 1907
- Fin de período: 1913
374 ## - OCUPACIÓN
- Ocupación: Político
- Período de inicio: 1885
- Fin de período: 1907
374 ## - OCUPACIÓN
- Ocupación: Abogado
- Período de inicio: 1867
374 ## - OCUPACIÓN
- Ocupación: Legislador
- Período de inicio: 1885
- Fin de período: 1907
375 ## - GÉNERO/SEXO
- Género/Sexo: Masculino
377 ## - LENGUA/LENGUAJE ASOCIADO
- Código del idioma: eng
- Término de lengua/lenguaje: Inglés
400 1# - TRAZADO DE VÉASE--NOMBRE DE PERSONA
- Nombre de persona: Braĭs, Dzhems,
- Fechas asociadas al nombre: 1838-1922
400 1# - TRAZADO DE VÉASE--NOMBRE DE PERSONA
- Nombre de persona: Bryce,
- Títulos y otros términos asociados al nombre: Viscount,
- Fechas asociadas al nombre: 1838-1922
400 1# - TRAZADO DE VÉASE--NOMBRE DE PERSONA
- Nombre de persona: Bryce, James,
- Fechas asociadas al nombre: 1838-1922
670 ## - FUENTE DE DATOS ENCONTRADOS
- Cita de la fuente: Work cat.: (OSt)22418: Bryce, James, 1838-1922, U.S.A. La revolución institucionalizada /, 1966.
670 ## - FUENTE DE DATOS ENCONTRADOS
- Identificador Uniforme del Recurso: https://authorities.loc.gov/cgi-bin/Pwebrecon.cgi?AuthRecID=4196249&v1=1&HC=1&SEQ=20240401184259&PID=C5utFzPgS2Jl5NoXWPUWjW1wg Consultado en : 01/04/2024
